Statistics for The World's Top Ten Languages

Click here to take the quiz!

General Stats

  • This quiz has been taken 88 times
  • The average score is 7 of 10

Answer Stats

RankAnswer% Correct
3English
100%
2Spanish
95%
1Mandarin
87%
4Hindustani
80%
5Arabic
79%
6Portuguese
77%
9Japanese
65%
8Russian
65%
7Bengali
36%
10Punjabi
32%

Score Distribution

Percentile by Number Answered

Percent of People with Each Score

Your Score History

You have not taken this quiz